| 000 | 01821nam a22002417a 4500 | ||
|---|---|---|---|
| 003 | DO-SdBJH | ||
| 005 | 20230707143941.0 | ||
| 008 | 230707b |||||||| |||| 00| 0 spa d | ||
| 040 |
_aDO-SdBJH _bspa _cDO-SdBJH |
||
| 090 |
_aTG EGCEMC _b01964 2021 |
||
| 100 | 1 |
_aDoñé Guzmán, Félix Anthonely _esustentante |
|
| 245 | 1 | 1 |
_aImpacto de participación de la Dirección Nacional de Control de Drogas (DNCD) en el combate contra el narcotráfico en el Distrito Nacional y la Provincia Santo Domingo, periodo 2017-2019 / _c Félix Anthonely Doñé Guzmán, Kelly Anderson Rosario Paulino, asesores Frank Félix Ferreras Ferreras, Fanny Torres Rosario |
| 260 |
_a Santo Domingo : _bINSUDE, _c2021 |
||
| 300 | _axvi, 74 páginas, cuadros, gráficos | ||
| 502 | _aTesis (Especialidad en Comando y Estado Mayor Conjunto). -- Instituto Superior para la Defensa (INSUDE). Escuela de Graduados en Comando y Estado Mayor “General de División Gregorio Luperón”, 2021. | ||
| 504 | _aIncluye referencias bibliográficas e índices | ||
| 505 | _aOrigen, evolución y situación actual del narcotráfico en República Dominicana. -- Marco legal que sustenta el rol de la Dirección Nacional de Control de Drogas (DNCD), en la lucha contra el narcotráfico. -- Impacto de las estrategias y las acciones desarrolladas por la Dirección Nacional de Control de Drogas (DNCD), para combatir el narcotráfico en el Distrito Nacional y la Provincia Santo Domingo, durante el periodo 2017-2019 | ||
| 700 | 1 |
_a Rosario Paulino, Kelly Anderson _esustentante |
|
| 700 | 1 |
_aFerreras Ferreras, Frank Félix _easesor |
|
| 700 | 1 |
_aTorres Rosario, Fanny _easesor |
|
| 830 | _aINSUDE. Escuela de Graduados en Comando y Estado Mayor “General de División Gregorio Luperón”. Tesis y disertaciones académicas | ||
| 942 |
_2CL _cT |
||
| 999 |
_c7526 _d7526 |
||